000 00340pam a2200157a 44500
008 230515b2007 xxu||||| |||| 00| 0 eng d
020 _aNULL
041 _aMARATHI
082 _a830 MAH
100 _aS G MAHAJAN
245 _aYASHOGATHA DYNANSADHENECHI
250 _a1
260 _aNULL
_bNA
_c2007
300 _a300
650 _aNULL
999 _c640949
_d640949